| Tag |
First Indicator |
Second Indicator |
Subfields |
| LEADER |
00000pam a2200000 a 4500 |
| 001 |
in00000089785 |
| 005 |
20151008063511.0 |
| 008 |
810316s1981 nyu 00011 eng |
| 010 |
|
|
|a 80002625
|
| 020 |
|
|
|a 0385174101 :
|c $14.95
|
| 035 |
|
|
|a (OCoLC)07306253
|
| 035 |
|
|
|9 AAK2363AM
|
| 039 |
0 |
|
|a 2
|b 3
|c 3
|d 3
|e 3
|
| 040 |
|
|
|a DLC
|c DLC
|d TXA
|d UtOrBLW
|
| 049 |
|
|
|a TXAM [Also in] [Sp Coll]
|c 1 [1503823]
|a TXAS
|c 2 [1422224]
|
| 050 |
0 |
0 |
|a PS3568.O8495
|b B8
|
| 082 |
0 |
|
|a 813/.54
|2 19
|
| 100 |
1 |
|
|a Roszak, Theodore,
|d 1933-2011.
|
| 245 |
1 |
0 |
|a Bugs /
|c Theodore Roszak.
|
| 250 |
|
|
|a 1st ed.
|
| 264 |
|
1 |
|a Garden City, N.Y. :
|b Doubleday,
|c 1981.
|
| 300 |
|
|
|a 352 pages ;
|c 22 cm.
|
| 336 |
|
|
|a text
|b txt
|2 rdacontent
|
| 337 |
|
|
|a unmediated
|b n
|2 rdamedia
|
| 338 |
|
|
|a volume
|b nc
|2 rdacarrier
|
| 999 |
|
|
|a MARS
|
| 999 |
f |
f |
|s acc0cb14-8ab8-3b08-a20f-ff2c4f3c6847
|i 7bf6d1be-e442-318e-8429-00c62ec831e9
|t 0
|
| 952 |
f |
f |
|p ric
|a Texas A&M University
|b Rellis Campus
|c Joint Library Facility
|s JLF
|d Remote Storage
|t 0
|e PS3568.O8495 B8
|h Library of Congress classification
|i unmediated -- volume
|m A14806307512
|
| 998 |
f |
f |
|a PS3568.O8495 B8
|t 0
|l Remote Storage
|